| 000 | 01050cam a22003135a 4500 | ||
|---|---|---|---|
| 003 | EG-ScBUE | ||
| 005 | 20220307100236.0 | ||
| 008 | 111219r20051999nyu f 000 1 eng d | ||
| 020 | _a9780061015014 | ||
| 040 |
_aEG-ScBUE _beng _erda _cEG-ScBUE _dEG-ScBUE |
||
| 041 | 1 |
_aeng _hpor |
|
| 082 | 0 | 4 |
_a869.342 _222 _bCOE |
| 100 | 1 |
_aCoelho, Paulo, _eauthor. _97189 |
|
| 245 | 1 | 0 |
_aVeronika decides to die / _cPaulo Coelho ; translated by Margaret Jull Costa. |
| 250 | _aReprint edition. | ||
| 264 | 1 |
_aNew York : _bHarper Collins Publishers, _c2005. |
|
| 300 |
_a210 pages ; _c18 cm. |
||
| 336 |
_2rdacontent _atext _btxt |
||
| 337 |
_2rdamedia _aunmediated _bn |
||
| 338 |
_2rdacarrier _avolume _bnc |
||
| 490 | 0 | _aHarper fiction | |
| 546 | _aText in English ; translated from Portuguese. | ||
| 650 | 7 |
_aPortuguese fiction _y21st century. _934584 _2BUEsh |
|
| 651 | _2BUEsh | ||
| 653 |
_bHHUUEENN _cDecember2013 _cNovember2017 _cJanuary2018 |
||
| 655 |
_vReading book _934232 |
||
| 700 | 1 |
_aCosta, Margaret Jull, _97190 _etranslator. |
|
| 942 |
_2ddc _cBB |
||
| 999 |
_c17808 _d17780 |
||